000 00337nam a2200145Ia 4500
100 _aRajaraman/V/ Radhakrishnan /T
250 _a3
942 _cBK
654 _adigital
245 _aIntroduction to digital computer design
260 _bprentice
_aNew Delhi
_c1989
082 _a621.381958
_bRAJ
300 _a548
546 _aENGLISH
999 _c18393
_d18393